Market access, transparency and fairness in global trade.
| Format: | Book |
|---|---|
| Published: |
Geneva:
International Trade Centre,
2010.
|
| Series: | Export impact for good
|
| Subjects: |
| LEADER | 00501cam a2200157 7i4500 | ||
|---|---|---|---|
| 001 | 0000026190 | ||
| 005 | 20110424090000.0 | ||
| 020 | 0 | 0 | |a 9789291373871 |
| 090 | 0 | 0 | |a I 382.05 |b MAR |
| 245 | 0 | 0 | |a Market access, transparency and fairness in global trade. |
| 260 | 0 | 0 | |a Geneva: |b International Trade Centre, |c 2010. |
| 300 | # | # | |a 143 p. |
| 440 | 0 | 0 | |a Export impact for good |
| 650 | 0 | 0 | |a International trade |
| 650 | 0 | 0 | |a International economic relation |
| 999 | |a 0000028492 |b Book |c International |e Business Information Centre | ||


